000 00933cab a2200277 4500
001 ABS47059
008 090401t1992 xxu||||| |||| 00| 0 eng d
035 _a(Sirsi) u60635
041 _aeng
100 _aMcIntosh, A.
245 _aEuropean exchange rate mechanism. The real estate market
260 _c1992
350 _a0
490 _aEstates Gazette
_v(9237) 19 September 1992, 98-99(2)
520 _aOutlines how the European ERM and possible full European union will affect the UK real estate market. Pays particular attention to the retail industry.
650 _aEXCHANGE RATE MECHANISM
650 _aMONETARY UNION
650 _aPROPERTY MARKET
650 _aRETAIL INDUSTRY
650 _aPROPERTY-COMMERCIAL PROPERTY-RETAIL PROPERTY-RETAIL PROPERTY MARKET
650 _aSINGLE MARKET
690 _aPROPERTY-COMMERCIAL PROPERTY
690 _aEUROPE-SINGLE MARKET
942 _n0
948 _c04/03/1997
999 _c37442
_d37442